00430nam a22001457a 450000500170000000800410001702000150005804100120007308200120008510000120009724500770010926000470018630000250023365000260025820240809090040.0240809b |||||||| |||| 00| 0 eng d a0702134376 aEnglish a349 SOU lEnglish aJuta's Index and Annotations to the South African Law Reports 1993-1994  aCape Town: bJuta and Company Ltd, c1995  b538 pages; c25 cm.  aLegal practice bLaw